Matematické metody základy lineárního programování a síťové analýzy

Salvato in:
Dettagli Bibliografici
Natura: Libro
Lingua:ceco
Pubblicazione: Praha Státní pedagogické nakladatelství 1970
Serie:Učební texty vysokých škol
Tags: Aggiungi Tag
Nessun Tag, puoi essere il primo ad aggiungerne!!

MARC

LEADER 00000nam a2200000 4500
001 c122220
005 20260319133430.4
041 0 |a cze 
044 |a CZ 
245 1 0 |a Matematické metody  |b základy lineárního programování a síťové analýzy  |c Jan Získal 
264 1 |a Praha  |b Státní pedagogické nakladatelství  |c 1970 
300 |a 255 s. 
490 1 |a Učební texty vysokých škol 
830 0 |a Učební texty vysokých škol